Statistics for NBA Players from Marquette

Click here to take the quiz!

General Stats

  • This quiz has been taken 16 times
    (7 since last reset)
  • The average score is 8 of 37

Answer Stats

PositionPlayerDraft Year% Correct
SGDwayne Wade2003
100%
PFHenry Ellenson2016
83%
GTony Smith1990
83%
GFJimmy Butler2011
83%
SFJae Crowder2012
67%
SFJamil Wilson2014
50%
PGTravis Diener2005
50%
GMichael Wilson1982
50%
GWesley Matthews2009
33%
GDoc Rivers1983
33%
CJim McIlvaine1994
17%
FSteve Novak2006
17%
FLazar Hayward2010
17%
SGJerel McNeal2009
17%
PGButch Lee1978
17%
FBo Ellis1977
17%
GDwight Buycks2011
17%
SGVander Blue2013
17%
SFJoe Thomas1970
17%
SGDarius Johnson-Odom2012
0%
GFBill Downey1947
0%
CTom Gopa1987
0%
PFChris Crawford1997
0%
CAmal McCaskill1996
0%
GGene Berce1948
0%
PGSam Worthen1980
0%
PFBernard Toone1979
0%
CJerome Whitehead1978
0%
PGLloyd Watson1976
0%
SGEarl Tatum1976
0%
PFMaurice Lucas1974
0%
FCLarry McNeill1973
0%
FCJim Chones1973
0%
GAllie McGuire1973
0%
PGDean Meminger1971
0%
SFDon Kojis1961
0%
FDeonte Burton2017
0%

Score Distribution

Percentile by Number Answered

Percent of People with Each Score

Your Score History

You have not taken this quiz since the last reset